|
|
|
|
| LEADER |
01849nam a22002897a 4500 |
| 001 |
28241 |
| 003 |
BD-DhAAL |
| 005 |
20151111020001.0 |
| 008 |
141113s2012 bg 000 0 eng d |
| 020 |
|
|
|a 9789849018360
|
| 040 |
|
|
|a BD-DhAAL
|c BD-DhAAL
|
| 082 |
|
|
|2 22
|a 918.2
|
| 100 |
|
|
|a সায়ীদ, আবদুল্লাহ আবু
|9 5304
|
| 245 |
|
|
|a বক্তৃতা সংগ্রহ [ দ্বিতীয় খণ্ড ] /
|c আবদুল্লাহ আবু সায়ীদ।
|
| 260 |
|
|
|a ঢাকা :
|b সময় প্রকাশন,
|c ২০১৩
|
| 300 |
|
|
|a ১৯৭ পৃ. :
|c ২১ সে. মি.
|
| 541 |
|
|
|e 28241
|
| 650 |
|
|
|a Literature
|x Societies, etc.
|9 5305
|
| 650 |
|
|
|a সাহিত্য
|x সমাজ
|9 5306
|
| 852 |
|
|
|a Ayesha Abed Library
|c General Stacks
|
| 942 |
|
|
|2 ddc
|c BK
|0 1
|
| 999 |
|
|
|c 33033
|d 33033
|
| 952 |
|
|
|0 0
|1 0
|2 ddc
|4 0
|6 918_200000000000000_SAY
|7 0
|9 44037
|a BRACUL
|b BRACUL
|c GEN
|d 2014-11-13
|e Karim International
|g 290.00
|l 2
|m 15
|o 918.2 SAY
|p 3010028241
|r 2015-12-17
|s 2015-11-10
|t 1
|w 2014-11-13
|y BK
|
| 952 |
|
|
|0 0
|1 0
|2 ddc
|4 0
|6 918_200000000000000_SAY
|7 0
|9 44038
|a BRACUL
|b BRACUL
|c GEN
|d 2014-11-13
|e Karim International
|g 290.00
|l 3
|m 7
|o 918.2 SAY
|p 3010028242
|r 2019-04-24
|s 2019-04-08
|t 2
|w 2014-11-13
|y BK
|
| 952 |
|
|
|0 0
|1 0
|2 ddc
|4 0
|6 918_200000000000000_SAY
|7 0
|9 44039
|a BRACUL
|b BRACUL
|c GEN
|d 2014-11-13
|e Karim International
|g 290.00
|l 1
|m 30
|o 918.2 SAY
|p 3010028243
|r 2018-04-15
|s 2017-09-19
|t 3
|w 2014-11-13
|y BK
|
| 952 |
|
|
|0 0
|1 0
|2 ddc
|4 0
|6 918_200000000000000_SAY
|7 0
|9 44040
|a BRACUL
|b BRACUL
|c GEN
|d 2014-11-13
|e Karim International
|g 290.00
|l 2
|o 918.2 SAY
|p 3010028244
|r 2015-12-06
|s 2015-12-01
|t 4
|w 2014-11-13
|y BK
|
| 952 |
|
|
|0 0
|1 0
|2 ddc
|4 0
|6 918_200000000000000_SAY
|7 0
|9 44041
|a BRACUL
|b BRACUL
|c GEN
|d 2014-11-13
|e Karim International
|g 290.00
|l 1
|o 918.2 SAY
|p 3010028245
|r 2017-11-22
|s 2017-11-16
|t 5
|w 2014-11-13
|y BK
|